| 000 | 00396nam a22001457a 4500 | ||
|---|---|---|---|
| 020 | _a9788131701829 | ||
| 040 | _cNust | ||
| 082 |
_a530 _bBEN |
||
| 100 |
_aBentley, P John _9123608 |
||
| 245 | _aPrinciples of Measurement System | ||
| 250 | _a3rd Edition | ||
| 260 |
_aIndia: _bPearson Education services India, _c43551 |
||
| 650 |
_aPrinciples of Measurement System _9123609 |
||
| 942 |
_2ddc _cBK |
||
| 999 |
_c609741 _d609741 |
||